| 000 | 00508nam a2200133Ia 4500 | ||
|---|---|---|---|
| 008 | 171207s9999 xx 000 0 und d | ||
| 100 | _aCrimmins, Gail | ||
| 245 | _aHow a verbatim drama based on the lived experience of women casual academics in Australia resonated with its audience and transformed a narrative inquiry into an action research project | ||
| 245 | _cGail Crimmins | ||
| 260 | _c2017 | ||
| 300 | _apages 337-353, 2017 | ||
| 440 |
_aEducational Action Research _v25:3 |
||
| 650 | _aEDUCATION | ||
| 999 |
_c347675 _d347675 |
||